[Event "RUS-ch (Women) sf"]
[Site "Kolontaevo"]
[Date "1997.??.??"]
[Round "?"]
[White "Guskova, Elena"]
[Black "Roschina, Tatiana"]
[Result "0-1"]
[WhiteElo "2185"]
[BlackElo "2245"]
[PlyCount "118"]
[EventDate "1997.??.??"]
[EventType "swiss"]
[EventRounds "9"]
[EventCountry "RUS"]
[SourceTitle "EXT 1999"]
[Source "ChessBase"]
[SourceDate "1998.11.16"]
[SourceVersion "1"]
[SourceVersionDate "1998.11.16"]
[SourceQuality "1"]

1. e4 c5 2. c3 Nf6 3. e5 Nd5 4. d4 cxd4 5. cxd4 d6 6. Nf3 Nc6 7. Bc4 Nb6 8. Bb5 dxe5 9. Nxe5 Bd7 10. Bxc6 Bxc6 11. Nxc6 bxc6 12. 0-0 g6 13. Re1 Bg7 14. Bg5 0-0 15. Bxe7 Qxd4 16. Nc3 Rfe8 17. Qf3 Nc4 18. Qxc6 Ne5 19. Qd5 Nd3 20. Qxd4 Bxd4 21. Red1 Bxf2+ 22. Kf1 Nxb2 23. Rd7 Rec8 24. Kxf2 Rxc3 25. Bf6 Rc2+ 26. Kg3 Re8 27. Re1 Rf8 28. Rxa7 h6 29. Re3 g5 30. h4 Kh7 31. h5 Nc4 32. Rc3 Rxc3+ 33. Bxc3 Kg8 34. Bf6 Nd6 35. Kg4 Rc8 36. Rd7 Ne8 37. Rd8 Rc4+ 38. Kf3 Rf4+ 39. Ke3 Rxf6 40. Rxe8+ Kg7 41. Ra8 Rd6 42. a4 Kf6 43. a5 Kf5 44. Rb8 Kg4 45. Rb6 Rd5 46. Rxh6 Rxa5 47. Rh8 Ra2 48. h6 Rxg2 49. h7 Rh2 50. Ke4 f5+ 51. Ke5 Rh6 52. Kd4 Kf4 53. Kd3 Rh2 54. Kd4 g4 55. Kd5 Rh6 56. Kd4 g3 57. Kd3 Rh2 58. Kd4 g2 59. Rg8 Kf3 0-1

[Event "RUS-Cup5"]
[Site "Ekaterinburg"]
[Date "1997.??.??"]
[Round "7"]
[White "Kozlov, Oleg"]
[Black "Guskova, Elena"]
[Result "0-1"]
[WhiteElo "2380"]
[BlackElo "2185"]
[PlyCount "72"]
[EventDate "1997.02.13"]
[EventType "swiss"]
[EventRounds "9"]
[EventCountry "RUS"]
[SourceTitle "CBM 057 Extra"]
[Source "ChessBase"]
[SourceDate "1997.05.01"]
[SourceVersion "1"]
[SourceVersionDate "1997.05.01"]
[SourceQuality "1"]

1. Nf3 d5 2. d4 Nf6 3. g3 c6 4. Bg2 Bf5 5. c4 e6 6. Nc3 Nbd7 7. 0-0 Be7 8. Nh4 Bg4 9. h3 Bh5 10. Qb3 Qb6 11. g4 Bg6 12. Nxg6 hxg6 13. Rd1 Qc7 14. e4 Nxe4 15. Nxe4 dxe4 16. Bxe4 f5 17. gxf5 gxf5 18. Bg2 0-0-0 19. Re1 e5 20. dxe5 g5 21. Qc3 Rh4 22. b3 g4 23. Bb2 Nc5 24. Rad1 Ne6 25. Rxd8+ Qxd8 26. hxg4 Rxg4 27. Kf1 Qg8 28. Bh3 Rg1+ 29. Ke2 Nf4+ 30. Kd2 Rxe1 31. Bxf5+ Kb8 32. Kxe1 Qg1+ 33. Kd2 Qxf2+ 34. Kd1 Ng2 35. Qd3 Qxf5 36. Qxf5 Ne3+ 0-1

[Event "RUS-ch (Women)"]
[Site "Elista"]
[Date "1995.??.??"]
[Round "5"]
[White "Guskova, Elena"]
[Black "Fatalibekova, Elena"]
[Result "0-1"]
[WhiteElo "2185"]
[BlackElo "2225"]
[PlyCount "46"]
[EventDate "1995.??.??"]
[EventType "tourn"]
[EventRounds "11"]
[EventCountry "RUS"]
[SourceTitle "EXT 1998"]
[Source "ChessBase"]
[SourceDate "1997.11.17"]
[SourceVersion "1"]
[SourceVersionDate "1997.11.17"]
[SourceQuality "1"]

1. e4 c5 2. c3 Nf6 3. e5 Nd5 4. d4 cxd4 5. cxd4 d6 6. Bc4 e6 7. Nf3 Nc6 8. 0-0 Be7 9. exd6 Qxd6 10. Nc3 Nxc3 11. bxc3 0-0 12. Re1 b6 13. Ng5 Bxg5 14. Bxg5 Bb7 15. Qh5 e5 16. dxe5 Nxe5 17. Rad1 Qc5 18. Be7 Qxe7 19. Rxe5 Qc7 20. Qe2 Rac8 21. Rd4 Qc6 22. Bd5 Qxc3 23. Rd3 Qxe5 0-1

[Event "RUS-ch (Women)"]
[Site "Elista"]
[Date "1995.??.??"]
[Round "1"]
[White "Guskova, Elena"]
[Black "Ovchinnikova, Julia"]
[Result "0-1"]
[WhiteElo "2185"]
[BlackElo "2195"]
[PlyCount "62"]
[EventDate "1995.??.??"]
[EventType "tourn"]
[EventRounds "11"]
[EventCountry "RUS"]
[SourceTitle "EXT 1998"]
[Source "ChessBase"]
[SourceDate "1997.11.17"]
[SourceVersion "1"]
[SourceVersionDate "1997.11.17"]
[SourceQuality "1"]

1. e4 e6 2. d4 d5 3. Nd2 Nf6 4. e5 Nfd7 5. Bd3 c5 6. c3 Nc6 7. Ne2 cxd4 8. cxd4 f6 9. exf6 Nxf6 10. 0-0 Bd6 11. Nf3 0-0 12. Nc3 a6 13. Bg5 Bd7 14. Bh4 Qe8 15. Bg3 Bxg3 16. hxg3 Qh5 17. Ne2 Ng4 18. Nf4 Rxf4 19. gxf4 Rf8 20. g3 e5 21. dxe5 Ncxe5 22. Re1 Nxf3+ 23. Qxf3 Qh2+ 24. Kf1 Kh8 25. Re7 Nf6 26. f5 Bc6 27. Qg2 Qh6 28. f3 d4 29. Ke2 Qg5 30. Re6 Nd5 31. Rh1 Nf4+ 0-1

[Event "RUS-ch (Women)"]
[Site "Elista"]
[Date "1995.??.??"]
[Round "6"]
[White "Stepovaia, Tatiana"]
[Black "Guskova, Elena"]
[Result "1-0"]
[WhiteElo "2310"]
[BlackElo "2185"]
[PlyCount "105"]
[EventDate "1995.??.??"]
[EventType "tourn"]
[EventRounds "11"]
[EventCountry "RUS"]
[SourceTitle "EXT 1998"]
[Source "ChessBase"]
[SourceDate "1997.11.17"]
[SourceVersion "1"]
[SourceVersionDate "1997.11.17"]
[SourceQuality "1"]

1. e4 c5 2. d3 e6 3. Nf3 Nc6 4. g3 d5 5. Qe2 Be7 6. Bg2 Nf6 7. e5 Nd7 8. 0-0 0-0 9. h4 f6 10. exf6 Nxf6 11. c3 Qb6 12. Bf4 h6 13. Na3 Nh5 14. Be3 Bd6 15. d4 Bxg3 16. fxg3 Nxg3 17. Qd2 Nxf1 18. Rxf1 cxd4 19. cxd4 Bd7 20. Nb1 Rf5 21. Nc3 Raf8 22. b3 Qc7 23. Ne2 Be8 24. Nh2 Rxf1+ 25. Nxf1 Qe7 26. Nf4 Qxh4 27. Nxe6 Rf5 28. Nf4 Bf7 29. Ne2 Qd8 30. Nfg3 Rf6 31. Nf4 g5 32. Nd3 Qd6 33. Nf1 Re6 34. Bf2 Qd8 35. Ne3 Re8 36. Ng4 Kg7 37. Nge5 Bg8 38. Nxc6 bxc6 39. Ne5 Re6 40. Bg3 h5 41. Nf3 g4 42. Bh4 Qf8 43. Qg5+ Rg6 44. Qe5+ Kh7 45. Ng5+ Rxg5 46. Qxg5 Qe8 47. Bf1 Bf7 48. Bd3+ Bg6 49. Qxh5+ Kg7 50. Qxg6+ Qxg6 51. Bxg6 Kxg6 52. Kf2 Kf5 53. Ke3 1-0